[Event "Titled Tuesday intern op 28th Dec"]
[Site "Chess.com INT"]
[Date "2021.12.28"]
[Round "4"]
[White "Novikova, Galina"]
[Black "Martin Carmona, Gaston Manuel"]
[Result "0-1"]
[WhiteElo "2073"]
[BlackElo "2362"]
[PlyCount "60"]
[EventDate "2021.12.28"]
[EventType "swiss (blitz)"]
[EventRounds "11"]
[EventCountry "USA"]
[SourceTitle "CBM 206 Extra"]
[Source "ChessBase"]
[SourceDate "2022.03.31"]
[SourceVersion "1"]
[SourceVersionDate "2022.03.31"]
[SourceQuality "1"]

1. e4 c5 2. Nf3 d6 3. d4 cxd4 4. Nxd4 Nf6 5. Nc3 g6 6. Be3 Nc6 7. f3 h5 8. Qd2 Nxd4 9. Bxd4 Bh6 10. Be3 Bxe3 11. Qxe3 Be6 12. Bb5+ Kf8 13. f4 Qa5 14. Bd3 Rc8 15. O-O Qc5 16. Qxc5 Rxc5 17. f5 gxf5 18. exf5 Bc4 19. Rad1 Bxd3 20. Rxd3 h4 21. Rf2 Rg8 22. h3 Re5 23. Rd4 Re1+ 24. Kh2 Nh5 25. Rd1 Rxd1 26. Nxd1 Rg3 27. Nc3 Re3 28. Nd5 Re1 29. f6 Ng3 30. fxe7+ Ke8 0-1

[Event "Titled Tuesday intern op 28th Dec"]
[Site "Chess.com INT"]
[Date "2021.12.28"]
[Round "4"]
[White "Odegov, Artem"]
[Black "Myradow, Soltan"]
[Result "1-0"]
[WhiteElo "2286"]
[BlackElo "2233"]
[PlyCount "55"]
[EventDate "2021.12.28"]
[EventType "swiss (blitz)"]
[EventRounds "11"]
[EventCountry "USA"]
[SourceTitle "CBM 206 Extra"]
[Source "ChessBase"]
[SourceDate "2022.03.31"]
[SourceVersion "1"]
[SourceVersionDate "2022.03.31"]
[SourceQuality "1"]

1. d4 Nf6 2. c4 e6 3. Nf3 b6 4. g3 Bb7 5. Bg2 c5 6. d5 exd5 7. Nh4 g6 8. O-O Bg7 9. Nc3 O-O 10. cxd5 Na6 11. Bf4 d6 12. Nb5 Ne8 13. Qd2 Nac7 14. Nc3 b5 15. Rac1 b4 16. Ne4 Bxd5 17. Nxd6 Bxg2 18. Nxg2 g5 19. Nb7 Qxd2 20. Bxd2 Ne6 21. Nxc5 N8c7 22. Bxb4 Bxb2 23. Rc2 Rfb8 24. Nxe6 Nd5 25. Rxb2 fxe6 26. Ba3 Rc8 27. e4 Nc3 28. Bb4 1-0

[Event "Titled Tuesday intern op 28th Dec"]
[Site "Chess.com INT"]
[Date "2021.12.28"]
[Round "4"]
[White "Pershina, Elena"]
[Black "Reprintsev, Alexander"]
[Result "1-0"]
[WhiteElo "2114"]
[BlackElo "2353"]
[PlyCount "115"]
[EventDate "2021.12.28"]
[EventType "swiss (blitz)"]
[EventRounds "11"]
[EventCountry "USA"]
[SourceTitle "CBM 206 Extra"]
[Source "ChessBase"]
[SourceDate "2022.03.31"]
[SourceVersion "1"]
[SourceVersionDate "2022.03.31"]
[SourceQuality "1"]

1. e4 d5 2. exd5 Qxd5 3. Nc3 Qa5 4. d4 Nf6 5. Nf3 Nc6 6. Be2 Bg4 7. O-O O-O-O 8. Be3 e5 9. d5 Nxd5 10. Nxd5 Rxd5 11. Qe1 Qxe1 12. Rfxe1 f6 13. Bc4 Rd8 14. Nd2 Bf5 15. c3 a6 16. a4 Be7 17. b4 Rd7 18. h3 Rhd8 19. Nf3 h5 20. Nh4 Bc2 21. Be6 g5 22. Nf5 Bf8 23. g4 hxg4 24. hxg4 Kb8 25. Bxd7 Rxd7 26. Re2 Bxf5 27. gxf5 Bd6 28. Rd2 Ne7 29. c4 Nxf5 30. c5 Nh4 31. Rdd1 Kc8 32. cxd6 cxd6 33. Bb6 d5 34. Rac1+ Kb8 35. a5 g4 36. Rc5 Nf3+ 37. Kf1 Nd4 38. Rdc1 Nc6 39. b5 axb5 40. Rxb5 Rd6 41. Rd1 d4 42. Ke2 Kc8 43. Rh1 Kd7 44. Rh7+ Ke6 45. Rxb7 d3+ 46. Kd2 f5 47. a6 e4 48. Be3 Ne5 49. Rxe5+ Kxe5 50. a7 Ra6 51. Rb8 Ra2+ 52. Kc3 f4 53. Re8+ Kd5 54. Rd8+ Ke6 55. a8=Q Rxa8 56. Rxa8 fxe3 57. fxe3 Kf5 58. Rg8 1-0

[Event "Titled Tuesday intern op 28th Dec"]
[Site "Chess.com INT"]
[Date "2021.12.28"]
[Round "4"]
[White "Polaczek, Richard"]
[Black "Coto Mederos, Michel"]
[Result "0-1"]
[WhiteElo "2360"]
[BlackElo "2348"]
[PlyCount "122"]
[EventDate "2021.12.28"]
[EventType "swiss (blitz)"]
[EventRounds "11"]
[EventCountry "USA"]
[SourceTitle "CBM 206 Extra"]
[Source "ChessBase"]
[SourceDate "2022.03.31"]
[SourceVersion "1"]
[SourceVersionDate "2022.03.31"]
[SourceQuality "1"]

1. d4 d5 2. Nf3 Nf6 3. c4 c6 4. Nc3 a6 5. e3 b5 6. b3 Bg4 7. Be2 e6 8. O-O Bb4 9. Bb2 O-O 10. h3 Bf5 11. Ne5 Qb6 12. c5 Qb7 13. Bd3 Nbd7 14. Bxf5 exf5 15. Ne2 Rfe8 16. Ng3 g6 17. a3 Ba5 18. f4 Rad8 19. Qf3 Ne4 20. b4 Nd2 21. Qe2 Nxf1 22. Rxf1 Bc7 23. Qf3 f6 24. Nd3 Nf8 25. Ne2 Re7 26. g4 fxg4 27. hxg4 Rde8 28. Bc1 Bb8 29. Rf2 Qc7 30. Ng3 Ne6 31. Nf1 Kg7 32. Nh2 Rh8 33. Nf1 h5 34. f5 Ng5 35. Qg2 hxg4 36. Qxg4 Nh3+ 37. Kg2 Nxf2 38. Qxg6+ Kf8 39. Qxf6+ Kg8 40. Kxf2 Rhh7 41. Nf4 Ref7 42. Qg5+ Rhg7 43. Qh5 Qd7 44. Ng3 Bxf4 45. exf4 Rf6 46. Qh4 Qf7 47. Nh5 Rxf5 48. Qd8+ Kh7 49. Nxg7 Kxg7 50. Qh4 Rh5 51. Qg4+ Kh7 52. Be3 Rh6 53. Qg5 Rg6 54. Qh5+ Kg8 55. Qh4 Qe8 56. Qh3 Qe4 57. Qc8+ Kg7 58. Qd7+ Kg8 59. Qc8+ Kf7 60. Qd7+ Qe7 61. Qxc6 Rxc6 0-1

[Event "Titled Tuesday intern op 28th Dec"]
[Site "Chess.com INT"]
[Date "2021.12.28"]
[Round "4"]
[White "Politov, Pavel Y"]
[Black "Muromtsev, Arthur"]
[Result "0-1"]
[WhiteElo "2190"]
[BlackElo "2129"]
[PlyCount "84"]
[EventDate "2021.12.28"]
[EventType "swiss (blitz)"]
[EventRounds "11"]
[EventCountry "USA"]
[SourceTitle "CBM 206 Extra"]
[Source "ChessBase"]
[SourceDate "2022.03.31"]
[SourceVersion "1"]
[SourceVersionDate "2022.03.31"]
[SourceQuality "1"]

1. e4 e5 2. Nf3 Nc6 3. Bc4 Nf6 4. d3 Be7 5. O-O O-O 6. c3 d6 7. Bb3 Kh8 8. Nbd2 Ng8 9. Re1 f5 10. Nf1 fxe4 11. dxe4 Bg4 12. Re3 Bg5 13. Rd3 Bxc1 14. Rxc1 Nce7 15. Ng3 Ng6 16. h3 Bxf3 17. Rxf3 Nf4 18. Nh5 Qg5 19. Nxf4 Rxf4 20. Rxf4 Qxf4 21. Bxg8 Rxg8 22. Qe1 g5 23. g3 Qf3 24. Rc2 h5 25. Qe2 Qxe2 26. Rxe2 g4 27. hxg4 hxg4 28. Kg2 Rf8 29. Re1 Rf3 30. Rh1+ Kg7 31. Rh4 Rd3 32. Rxg4+ Kf7 33. Rh4 Kg7 34. Rh1 Rd2 35. Rb1 c6 36. a3 d5 37. exd5 cxd5 38. b4 e4 39. Kf1 Kf6 40. Rc1 Ke5 41. c4 d4 42. b5 e3 0-1

[Event "Titled Tuesday intern op 28th Dec"]
[Site "Chess.com INT"]
[Date "2021.12.28"]
[Round "4"]
[White "Punin, Andrii"]
[Black "Cruz Ravina, Francisco Javier"]
[Result "0-1"]
[WhiteElo "2289"]
[BlackElo "2411"]
[PlyCount "92"]
[EventDate "2021.12.28"]
[EventType "swiss (blitz)"]
[EventRounds "11"]
[EventCountry "USA"]
[SourceTitle "CBM 206 Extra"]
[Source "ChessBase"]
[SourceDate "2022.03.31"]
[SourceVersion "1"]
[SourceVersionDate "2022.03.31"]
[SourceQuality "1"]

1. e4 d5 2. exd5 Nf6 3. d4 Nxd5 4. Nf3 Bf5 5. Bd3 Bxd3 6. Qxd3 c6 7. O-O e6 8. c4 Nf6 9. Nc3 Be7 10. Rd1 O-O 11. Qe2 Re8 12. Ne5 Nbd7 13. Bf4 Nf8 14. Rd3 Qa5 15. Rad1 Rad8 16. a3 Ng6 17. Nxg6 hxg6 18. Rh3 Qf5 19. Be5 c5 20. dxc5 Rxd1+ 21. Nxd1 Bxc5 22. b4 Be7 23. Rd3 Rd8 24. Rxd8+ Bxd8 25. Bd4 a6 26. Nc3 Bc7 27. g3 Nd7 28. Qe4 Qxe4 29. Nxe4 f6 30. Nc5 Nxc5 31. Bxc5 b5 32. cxb5 axb5 33. Bd4 Kf7 34. f3 e5 35. Bb2 f5 36. Kf2 g5 37. h3 g6 38. g4 Ke6 39. Ke2 Kd5 40. Kd3 e4+ 41. Ke2 Bf4 42. fxe4+ fxe4 43. Kd1 Kc4 44. Kc2 e3 45. Bc1 e2 46. Bd2 Bg3 0-1

[Event "Titled Tuesday intern op 28th Dec"]
[Site "Chess.com INT"]
[Date "2021.12.28"]
[Round "4"]
[White "Qashashvili, Alexandre"]
[Black "Ziatdinov, Raset"]
[Result "1-0"]
[WhiteElo "2505"]
[BlackElo "2224"]
[PlyCount "57"]
[EventDate "2021.12.28"]
[EventType "swiss (blitz)"]
[EventRounds "11"]
[EventCountry "USA"]
[SourceTitle "CBM 206 Extra"]
[Source "ChessBase"]
[SourceDate "2022.03.31"]
[SourceVersion "1"]
[SourceVersionDate "2022.03.31"]
[SourceQuality "1"]

1. e4 c5 2. Nc3 Nc6 3. Nf3 e6 4. d3 d5 5. Bg5 Be7 6. Bxe7 Ngxe7 7. g3 O-O 8. Bg2 b6 9. O-O Bb7 10. exd5 Nxd5 11. Nxd5 exd5 12. d4 c4 13. Re1 Qc7 14. c3 Rfe8 15. Qc2 b5 16. a3 a5 17. Qf5 Qd6 18. Ng5 Qg6 19. Qxg6 hxg6 20. Bxd5 Rxe1+ 21. Rxe1 Rf8 22. Nxf7 Rxf7 23. Re8+ Kh7 24. Bxf7 b4 25. h4 bxa3 26. bxa3 Ba6 27. Bg8+ Kh6 28. Bd5 Bb5 29. Rh8# 1-0

[Event "Titled Tuesday intern op 28th Dec"]
[Site "Chess.com INT"]
[Date "2021.12.28"]
[Round "4"]
[White "Rustemov, Alexander"]
[Black "Sadykov, Ramil"]
[Result "1-0"]
[WhiteElo "2525"]
[BlackElo "2345"]
[PlyCount "69"]
[EventDate "2021.12.28"]
[EventType "swiss (blitz)"]
[EventRounds "11"]
[EventCountry "USA"]
[SourceTitle "CBM 206 Extra"]
[Source "ChessBase"]
[SourceDate "2022.03.31"]
[SourceVersion "1"]
[SourceVersionDate "2022.03.31"]
[SourceQuality "1"]

1. d4 Nf6 2. c4 g6 3. Nf3 Bg7 4. g3 O-O 5. Bg2 d5 6. cxd5 Nxd5 7. O-O Nb6 8. Nc3 Nc6 9. e3 Re8 10. Re1 a5 11. h3 e5 12. d5 Ne7 13. e4 Nc4 14. b3 Nd6 15. Ba3 Bd7 16. Rc1 a4 17. bxa4 Nc4 18. Bb4 Nb2 19. Qc2 Nxa4 20. Nxa4 Rxa4 21. Bxe7 Qxe7 22. Qxc7 Rxa2 23. Qxb7 Bf8 24. Rc7 Rd8 25. Rec1 Qd6 26. Qb3 Ra5 27. Qc3 Rda8 28. Qxe5 Be8 29. Rc8 Qxe5 30. Nxe5 Kg7 31. f4 h5 32. Kh2 Ba3 33. Rxa8 Rxa8 34. Ra1 f6 35. Nc4 1-0

[Event "Titled Tuesday intern op 28th Dec"]
[Site "Chess.com INT"]
[Date "2021.12.28"]
[Round "4"]
[White "Sanchez, Roberto Daniel"]
[Black "Tsukerman, Julia"]
[Result "1-0"]
[WhiteElo "1970"]
[BlackElo "1523"]
[PlyCount "43"]
[EventDate "2021.12.28"]
[EventType "swiss (blitz)"]
[EventRounds "11"]
[EventCountry "USA"]
[SourceTitle "CBM 206 Extra"]
[Source "ChessBase"]
[SourceDate "2022.03.31"]
[SourceVersion "1"]
[SourceVersionDate "2022.03.31"]
[SourceQuality "1"]

1. e4 c5 2. Nf3 d6 3. d4 cxd4 4. Nxd4 Nf6 5. Nc3 a6 6. Be3 e5 7. Nb3 Be6 8. f3 Be7 9. Qd2 Nc6 10. O-O-O b5 11. g4 Rc8 12. g5 Nh5 13. Nd5 Bxd5 14. exd5 Nb8 15. Kb1 O-O 16. Bh3 Nd7 17. Bg4 Nf4 18. Bxf4 exf4 19. h4 Rc4 20. Na5 Ne5 21. Nxc4 Nxc4 22. Qxf4 1-0

[Event "Titled Tuesday intern op 28th Dec"]
[Site "Chess.com INT"]
[Date "2021.12.28"]
[Round "4"]
[White "Schrik, Rachid"]
[Black "Tarasova, Viktoriya"]
[Result "0-1"]
[WhiteElo "2211"]
[BlackElo "2226"]
[PlyCount "68"]
[EventDate "2021.12.28"]
[EventType "swiss (blitz)"]
[EventRounds "11"]
[EventCountry "USA"]
[SourceTitle "CBM 206 Extra"]
[Source "ChessBase"]
[SourceDate "2022.03.31"]
[SourceVersion "1"]
[SourceVersionDate "2022.03.31"]
[SourceQuality "1"]

1. d4 Nf6 2. c4 e6 3. Nc3 Bb4 4. a3 Bxc3+ 5. bxc3 b6 6. f3 c5 7. e4 O-O 8. Bd3 Ba6 9. e5 Ne8 10. Nh3 Nc6 11. O-O h6 12. f4 cxd4 13. cxd4 Nxd4 14. Bb2 Nc6 15. f5 exf5 16. Rxf5 Qe7 17. Kh1 Nc7 18. Qg4 Ne6 19. Raf1 Na5 20. Rh5 Nc5 21. Bb1 Qe6 22. Qg3 Qxc4 23. Rc1 Qb3 24. Rxh6 f5 25. exf6 Qxg3 26. Bh7+ Kf7 27. hxg3 gxh6 28. Nf4 Rg8 29. Rd1 Nc4 30. Bc1 Bb7 31. Bf5 Rad8 32. Bd3 Nxd3 33. Nxd3 d5 34. Nf4 Kxf6 0-1

[Event "Titled Tuesday intern op 28th Dec"]
[Site "Chess.com INT"]
[Date "2021.12.28"]
[Round "4"]
[White "Sevgi, Volkan"]
[Black "Tsydypov, Zhamsaran"]
[Result "0-1"]
[WhiteElo "2344"]
[BlackElo "2526"]
[PlyCount "138"]
[EventDate "2021.12.28"]
[EventType "swiss (blitz)"]
[EventRounds "11"]
[EventCountry "USA"]
[SourceTitle "CBM 206 Extra"]
[Source "ChessBase"]
[SourceDate "2022.03.31"]
[SourceVersion "1"]
[SourceVersionDate "2022.03.31"]
[SourceQuality "1"]

1. e4 c5 2. Nc3 d6 3. g3 g6 4. Bg2 Bg7 5. d3 Nc6 6. Be3 Rb8 7. Qd2 b5 8. h3 e6 9. f4 Nge7 10. Nf3 O-O 11. O-O b4 12. Nd1 f5 13. g4 h6 14. Re1 fxe4 15. dxe4 Na5 16. Bf2 Nc4 17. Qc1 Bb7 18. Bf1 Nb6 19. a4 a5 20. Ra2 d5 21. e5 d4 22. Bg2 g5 23. fxg5 Bxf3 24. gxh6 Bh8 25. Qg5+ Kh7 26. Bh4 Bxg2 27. Qxe7+ Qxe7 28. Bxe7 Bd5 29. Bxf8 Rxf8 30. b3 Nd7 31. Rf1 Rxf1+ 32. Kxf1 Kxh6 33. Nf2 Nxe5 34. Ra1 Nf3 35. Ke2 e5 36. h4 e4 37. Rh1 e3 38. Nd3 Ne5 39. g5+ Kh7 40. Rf1 Nxd3 41. cxd3 Bxb3 42. h5 Be5 43. Rf5 Bg7 44. Rxc5 Bxa4 45. Rc7 Kg8 46. Rc8+ Kf7 47. Rc7+ Kf8 48. h6 Be5 49. h7 Be8 50. Rc5 Bh8 51. Rxa5 b3 52. Ra7 Bf7 53. Rb7 Kg7 54. Ke1 Kg6 55. Ke2 Be5 56. Rb5 Bg7 57. Rb7 Be6 58. Rb6 Kf5 59. g6 Kf6 60. Rb8 b2 61. Rxb2 Bg4+ 62. Ke1 Kxg6 63. Rg2 Kg5 64. Rh2 Bh5 65. Rg2+ Kh6 66. Rb2 Kxh7 67. Rb5 Kg6 68. Rb6+ Bf6 69. Rb5 Bh4+ 0-1

[Event "Titled Tuesday intern op 28th Dec"]
[Site "Chess.com INT"]
[Date "2021.12.28"]
[Round "4"]
[White "Shuvalov, Evgenij"]
[Black "Prilleltensky, Matan"]
[Result "1-0"]
[WhiteElo "2182"]
[BlackElo "2166"]
[PlyCount "97"]
[EventDate "2021.12.28"]
[EventType "swiss (blitz)"]
[EventRounds "11"]
[EventCountry "USA"]
[SourceTitle "CBM 206 Extra"]
[Source "ChessBase"]
[SourceDate "2022.03.31"]
[SourceVersion "1"]
[SourceVersionDate "2022.03.31"]
[SourceQuality "1"]

1. Nf3 d5 2. c4 c6 3. g3 Nf6 4. Bg2 Bf5 5. cxd5 cxd5 6. Qb3 Nc6 7. Qxb7 Bd7 8. Qb3 Rb8 9. Qd1 e5 10. d3 Bb4+ 11. Nfd2 O-O 12. O-O Bg4 13. Nc3 Qd7 14. Nb3 Rfd8 15. Bg5 Be6 16. Bxf6 gxf6 17. Na4 Bh3 18. Rc1 Bxg2 19. Kxg2 Ne7 20. Nac5 Bxc5 21. Nxc5 Qf5 22. b3 Ng6 23. Qd2 Qg4 24. Kh1 Qh3 25. Rg1 Kh8 26. Qa5 Rg8 27. Qxa7 Rbf8 28. Nd7 Ra8 29. Qc7 Rac8 30. Qxc8 Rxc8 31. Rxc8+ Kg7 32. Rc7 h5 33. a4 Ne7 34. Nxe5 Nf5 35. Nxf7 Kf8 36. Rgc1 Nd4 37. Nd6 Nxe2 38. Rf7+ Kg8 39. Rc8+ Qxc8 40. Nxc8 Kxf7 41. Nb6 Nd4 42. Nxd5 Ke6 43. Nf4+ Kd6 44. b4 f5 45. Nxh5 Kd5 46. Nf4+ Kd6 47. h4 Nc2 48. b5 Kc5 49. h5 1-0

[Event "Titled Tuesday intern op 28th Dec"]
[Site "Chess.com INT"]
[Date "2021.12.28"]
[Round "4"]
[White "Sokolin, Leonid M"]
[Black "Makhmudov, Shukhrat"]
[Result "1/2-1/2"]
[WhiteElo "2482"]
[BlackElo "2115"]
[PlyCount "141"]
[EventDate "2021.12.28"]
[EventType "swiss (blitz)"]
[EventRounds "11"]
[EventCountry "USA"]
[SourceTitle "CBM 206 Extra"]
[Source "ChessBase"]
[SourceDate "2022.03.31"]
[SourceVersion "1"]
[SourceVersionDate "2022.03.31"]
[SourceQuality "1"]

1. e4 e5 2. Nf3 Nc6 3. Nc3 Nf6 4. Bb5 Nd4 5. Nxe5 Nxb5 6. Nxb5 c6 7. Nc3 d5 8. exd5 cxd5 9. d4 Bb4 10. O-O Bxc3 11. bxc3 O-O 12. Bg5 Qd6 13. f3 Bf5 14. Qd2 Rac8 15. g4 Bg6 16. Bxf6 gxf6 17. Nxg6 fxg6 18. Rfe1 Qc6 19. Re3 Rfe8 20. Rae1 Kf7 21. Kf2 Rxe3 22. Qxe3 Qd6 23. Kg2 b5 24. h4 a6 25. Re2 h5 26. g5 fxg5 27. Qxg5 Re8 28. Rxe8 Kxe8 29. Qe5+ Kd7 30. Qg7+ Kc6 31. Qa7 Qa3 32. Qa8+ Kb6 33. Qxd5 Qxc3 34. Qe4 Ka5 35. d5 b4 36. d6 Qd2+ 37. Kh3 Qxd6 38. Qc4 Qe5 39. Qe4 Qd6 40. f4 Qd7+ 41. Kh2 Qg4 42. Qd5+ Ka4 43. Qb3+ Kb5 44. Qd5+ Ka4 45. Qc6+ Ka5 46. Qc5+ Ka4 47. Qc6+ Ka3 48. Qxa6+ Kb2 49. Qc4 Qxh4+ 50. Kg2 Qg4+ 51. Kf2 Qh4+ 52. Ke3 Qg3+ 53. Ke4 Qe1+ 54. Kd5 Qd2+ 55. Ke6 Qxc2 56. Qxb4+ Kxa2 57. Qa5+ Kb2 58. Qe5+ Qc3 59. Qe2+ Kb3 60. Qb5+ Qb4 61. Qd3+ Qc3 62. Qxg6 Qc6+ 63. Kf5 Qxg6+ 64. Kxg6 h4 65. f5 h3 66. f6 h2 67. f7 h1=Q 68. f8=Q Qg2+ 69. Kf7 Qf3+ 70. Ke8 Qxf8+ 71. Kxf8 1/2-1/2

[Event "Titled Tuesday intern op 28th Dec"]
[Site "Chess.com INT"]
[Date "2021.12.28"]
[Round "4"]
[White "Srebrnic, Marko"]
[Black "Prithu, Gupta"]
[Result "0-1"]
[WhiteElo "2372"]
[BlackElo "2444"]
[PlyCount "140"]
[EventDate "2021.12.28"]
[EventType "swiss (blitz)"]
[EventRounds "11"]
[EventCountry "USA"]
[SourceTitle "CBM 206 Extra"]
[Source "ChessBase"]
[SourceDate "2022.03.31"]
[SourceVersion "1"]
[SourceVersionDate "2022.03.31"]
[SourceQuality "1"]

1. e4 e5 2. Nc3 Nc6 3. Bc4 Nf6 4. d3 Bb4 5. Bg5 h6 6. Bxf6 Qxf6 7. Nge2 d6 8. O-O Bxc3 9. Nxc3 Ne7 10. f4 exf4 11. Nb5 O-O 12. Nxc7 Rb8 13. c3 b5 14. Bb3 Ng6 15. Nd5 Qg5 16. Kh1 Kh7 17. d4 f5 18. Bc2 fxe4 19. Bxe4 Bf5 20. Bxf5 Qxf5 21. Nb4 Rbe8 22. Nd3 Re3 23. Ne1 Qe4 24. Nf3 Re2 25. Re1 Re8 26. Rxe2 Qxe2 27. Rb1 Qxd1+ 28. Rxd1 Re2 29. Rd2 Re3 30. Kg1 Ne7 31. Kf2 Nd5 32. Re2 g5 33. Ne1 Kg6 34. Nc2 Rxe2+ 35. Kxe2 Kf5 36. h3 Ke4 37. Na3 a6 38. Nb1 Ne3 39. Nd2+ Kf5 40. g3 Nc4 41. g4+ Ke6 42. Nf3 Nxb2 43. h4 Kf6 44. hxg5+ hxg5 45. Nd2 Na4 46. Kd3 d5 47. Nf3 Nb2+ 48. Ke2 Nc4 49. Ne1 Ne3 50. Nd3 Nxg4 51. Nb4 Ke6 52. Nxa6 Nf6 53. Nc7+ Kd6 54. Nxb5+ Ke6 55. a4 g4 56. a5 f3+ 57. Ke3 Kd7 58. a6 Kc6 59. a7 Kb7 60. Nd6+ Kxa7 61. Nf7 Kb6 62. Ne5 Kb5 63. Kf2 Ne4+ 64. Ke3 f2 65. Ke2 g3 66. c4+ Kb4 67. cxd5 Kc3 68. d6 Nd2 69. d7 f1=Q+ 70. Ke3 Qf2# 0-1

[Event "Titled Tuesday intern op 28th Dec"]
[Site "Chess.com INT"]
[Date "2021.12.28"]
[Round "4"]
[White "Srihari, LR."]
[Black "Savchenko, Boris"]
[Result "0-1"]
[WhiteElo "2400"]
[BlackElo "2535"]
[PlyCount "88"]
[EventDate "2021.12.28"]
[EventType "swiss (blitz)"]
[EventRounds "11"]
[EventCountry "USA"]
[SourceTitle "CBM 206 Extra"]
[Source "ChessBase"]
[SourceDate "2022.03.31"]
[SourceVersion "1"]
[SourceVersionDate "2022.03.31"]
[SourceQuality "1"]

1. c4 e5 2. Nc3 Nf6 3. Nf3 Nc6 4. e3 h6 5. d4 exd4 6. exd4 d5 7. Qb3 Be6 8. c5 Rb8 9. Bb5 Bxc5 10. dxc5 d4 11. Qa3 dxc3 12. Qxc3 O-O 13. O-O Ne4 14. Qa3 Qd5 15. Be3 Rfd8 16. Be2 a5 17. b3 Qf5 18. Rac1 Qf6 19. Bb5 Nc3 20. Bxc6 Ne2+ 21. Kh1 Nxc1 22. Bb5 Nd3 23. Qxa5 Nxc5 24. Qxc7 Ne4 25. Bd4 Qg6 26. Bd3 Nxf2+ 27. Rxf2 Qxd3 28. h3 Rbc8 29. Qe5 Qb1+ 30. Kh2 Qg6 31. Bb2 Bd5 32. Nh4 Qd6 33. Qxd6 Rxd6 34. Nf5 Re6 35. Nxg7 Re1 36. Nh5 Bc6 37. Nf6+ Kf8 38. Ba3+ Kg7 39. Bb2 Kg6 40. Ng4 Rce8 41. Rf6+ Kg5 42. Rxh6 R8e2 43. Bf6+ Kf5 44. Bh4 Rxg2# 0-1

[Event "Titled Tuesday intern op 28th Dec"]
[Site "Chess.com INT"]
[Date "2021.12.28"]
[Round "4"]
[White "Starozhilov, Leonid"]
[Black "Bortnyk, Olexandr"]
[Result "0-1"]
[WhiteElo "2293"]
[BlackElo "2604"]
[PlyCount "50"]
[EventDate "2021.12.28"]
[EventType "swiss (blitz)"]
[EventRounds "11"]
[EventCountry "USA"]
[SourceTitle "CBM 206 Extra"]
[Source "ChessBase"]
[SourceDate "2022.03.31"]
[SourceVersion "1"]
[SourceVersionDate "2022.03.31"]
[SourceQuality "1"]

1. Nf3 d5 2. g3 g6 3. Bg2 Bg7 4. O-O e5 5. d3 Ne7 6. c4 c6 7. cxd5 cxd5 8. Nc3 Nbc6 9. Bg5 f6 10. Bd2 Be6 11. a3 O-O 12. Rc1 Qd7 13. b4 b6 14. e3 Rac8 15. Qe2 h6 16. Rb1 d4 17. exd4 Nxd4 18. Nxd4 exd4 19. Nb5 Bg4 20. f3 Bf5 21. a4 Rfe8 22. g4 Nc6 23. Qf2 Bxd3 24. f4 Re2 25. Qf3 Rxd2 0-1

[Event "Titled Tuesday intern op 28th Dec"]
[Site "Chess.com INT"]
[Date "2021.12.28"]
[Round "4"]
[White "Sviridova, Vlada"]
[Black "Perez Gormaz, Matias Ariel"]
[Result "0-1"]
[WhiteElo "2144"]
[BlackElo "2404"]
[PlyCount "84"]
[EventDate "2021.12.28"]
[EventType "swiss (blitz)"]
[EventRounds "11"]
[EventCountry "USA"]
[SourceTitle "CBM 206 Extra"]
[Source "ChessBase"]
[SourceDate "2022.03.31"]
[SourceVersion "1"]
[SourceVersionDate "2022.03.31"]
[SourceQuality "1"]

1. d4 d5 2. c4 e6 3. Nf3 a6 4. cxd5 exd5 5. Nc3 c6 6. Bf4 Bd6 7. Bg3 Nf6 8. e3 Bf5 9. Bd3 Bxd3 10. Qxd3 O-O 11. O-O Bxg3 12. hxg3 Nbd7 13. Ne5 Nxe5 14. dxe5 Nd7 15. f4 f6 16. e4 Qb6+ 17. Kh2 d4 18. e6 dxc3 19. e7 Rfe8 20. Qxd7 cxb2 21. Rab1 Qb4 22. Qe6+ Kh8 23. Rfd1 Rxe7 24. Qb3 Qxb3 25. axb3 Rxe4 26. Rxb2 Rb4 27. Rd7 a5 28. Re2 Rxb3 29. Ree7 Rg8 30. Rxb7 Rxb7 31. Rxb7 Ra8 32. Rc7 a4 33. Rxc6 a3 34. Rc1 a2 35. Ra1 h5 36. g4 hxg4 37. Kg3 f5 38. Kh4 g6 39. Kg5 Kg7 40. g3 Rh8 41. Rh1 a1=Q 42. Rh7+ Kxh7 0-1

[Event "Titled Tuesday intern op 28th Dec"]
[Site "Chess.com INT"]
[Date "2021.12.28"]
[Round "4"]
[White "Szabo, Marcell"]
[Black "Priasmoro, Novendra"]
[Result "0-1"]
[WhiteElo "1895"]
[BlackElo "2502"]
[PlyCount "88"]
[EventDate "2021.12.28"]
[EventType "swiss (blitz)"]
[EventRounds "11"]
[EventCountry "USA"]
[SourceTitle "CBM 206 Extra"]
[Source "ChessBase"]
[SourceDate "2022.03.31"]
[SourceVersion "1"]
[SourceVersionDate "2022.03.31"]
[SourceQuality "1"]

1. e4 c5 2. Nf3 Nc6 3. b4 cxb4 4. d4 d6 5. d5 Ne5 6. Nxe5 dxe5 7. Bb2 e6 8. Bxe5 exd5 9. Qxd5 Qxd5 10. exd5 Nf6 11. Bc4 Bc5 12. O-O O-O 13. Bxf6 gxf6 14. Nd2 Bf5 15. Bb3 a5 16. Ba4 Rfd8 17. Rfe1 Rxd5 18. Ne4 Bd4 19. Rab1 Kg7 20. Bb3 Rd7 21. Ng3 Bg6 22. h4 h5 23. Ba4 Rc7 24. Rbd1 Be5 25. Ne4 Rb8 26. Rd5 Re7 27. f3 Bc3 28. Re2 Be5 29. Kf1 Bf5 30. Ng3 Be6 31. Nxh5+ Kg6 32. Rc5 b6 33. Rc6 Kxh5 34. g4+ Kxh4 35. Kf2 Bd5 36. f4 Bd4+ 37. Kf1 Rxe2 38. Kxe2 Bxc6 39. Bxc6 Rc8 40. Ba4 Rc3 41. g5 fxg5 42. fxg5 Kxg5 43. Bb3 f5 44. Bd5 f4 0-1

[Event "Titled Tuesday intern op 28th Dec"]
[Site "Chess.com INT"]
[Date "2021.12.28"]
[Round "4"]
[White "Sztokbant, Bernardo Vainzoff"]
[Black "Piesik, Piotr"]
[Result "1/2-1/2"]
[WhiteElo "2194"]
[BlackElo "2407"]
[PlyCount "159"]
[EventDate "2021.12.28"]
[EventType "swiss (blitz)"]
[EventRounds "11"]
[EventCountry "USA"]
[SourceTitle "CBM 206 Extra"]
[Source "ChessBase"]
[SourceDate "2022.03.31"]
[SourceVersion "1"]
[SourceVersionDate "2022.03.31"]
[SourceQuality "1"]

1. e4 g6 2. d4 Bg7 3. Nf3 c6 4. Nc3 d6 5. h3 Nf6 6. Bd3 O-O 7. O-O Nbd7 8. e5 dxe5 9. dxe5 Nd5 10. Nxd5 cxd5 11. Bf4 Nc5 12. Re1 Nxd3 13. cxd3 Qb6 14. Qd2 Bd7 15. Bh6 Rfc8 16. Bxg7 Kxg7 17. Rac1 Rc6 18. Rxc6 bxc6 19. Rc1 c5 20. Qc3 e6 21. Qxc5 Qxb2 22. Re1 Qb6 23. Qe7 Qd8 24. Qc5 Ba4 25. Rb1 Qd7 26. Rc1 Rb8 27. h4 h6 28. Qa5 Rb7 29. Qc5 Bb5 30. Qd4 Rc7 31. Rxc7 Qxc7 32. Kh2 a6 33. a4 Bd7 34. Qf4 Qd8 35. Nd4 Bxa4 36. Nxe6+ fxe6 37. Qxa4 Qc7 38. Qxa6 Qxe5+ 39. g3 g5 40. Qa7+ Kg6 41. h5+ Kf6 42. Qh7 Qf5 43. Qxh6+ Kf7 44. Kg2 d4 45. Qh8 Qxd3 46. h6 Qe4+ 47. Kh2 Qf5 48. Qg7+ Ke8 49. Qxd4 Qg6 50. Qh8+ Kf7 51. Kg1 Qg8 52. Qe5 Qg6 53. Qc7+ Kf6 54. h7 Qh6 55. Qd7 Kg6 56. Qe7 Qxh7 57. Qxe6+ Kh5 58. Qh3+ Kg6 59. Qxh7+ Kxh7 60. Kg2 Kg6 61. Kf3 Kf5 62. g4+ Ke5 63. Ke3 Kd5 64. Kd3 Ke5 65. Ke3 Kd5 66. f4 gxf4+ 67. Kxf4 Ke6 68. Kg5 Kf7 69. Kf5 Kg7 70. Kg5 Kh7 71. Kf6 Kg8 72. Kg6 Kf8 73. Kf6 Kg8 74. Kg6 Kh8 75. Kf7 Kh7 76. g5 Kh8 77. Kf6 Kh7 78. g6+ Kh8 79. g7+ Kg8 80. Kg6 1/2-1/2